00556nam a2200169Ia 4500001000400000002005100004008003700055010001100092530002200103583001500125650005200140650004300192700004400235700003700279700003700316700003300353IA_EL MERCADO DE LOS EDULCORANTES EN MEXICO : SITUACI220117s xx 000 0 und d a183109 aDisponible en PDF a2 ej. imp. 0aEdulcorantesxIndustria y comerciozMéxico  0aSweetenersxIndustry and tradezMexico aAltamirano Cárdenas, J. Reyes, asesor aGarcía Carrera, Zulma, coaut.  aGarcía Chávez, Ramiro, dir.  aReyes Vigil, Miguel, asesor